|
|
|
|
| LEADER |
00000cam a22000004a 4500 |
| 001 |
musev2_67701 |
| 003 |
MdBmJHUP |
| 005 |
20230905050950.0 |
| 006 |
m o d |
| 007 |
cr||||||||nn|n |
| 008 |
161112s2016 enk o 00 0 eng d |
| 020 |
|
|
|a 9781526112378
|
| 020 |
|
|
|z 9780719089169
|
| 020 |
|
|
|z 9781526112361
|
| 020 |
|
|
|z 9781526107251
|
| 035 |
|
|
|a (OCoLC)960165697
|
| 040 |
|
|
|a MdBmJHUP
|c MdBmJHUP
|
| 100 |
1 |
|
|a Sargent, Paul.
|
| 245 |
1 |
0 |
|a Wild Arabs and savages :
|b A history of juvenile justice in Ireland
|
| 264 |
|
1 |
|a Oxford :
|b Manchester University Press,
|c 2016.
|
| 264 |
|
3 |
|a Baltimore, Md. :
|b Project MUSE,
|c 2020
|
| 264 |
|
4 |
|c ©2016.
|
| 300 |
|
|
|a 1 online resource (256 pages).
|
| 336 |
|
|
|a text
|b txt
|2 rdacontent
|
| 337 |
|
|
|a computer
|b c
|2 rdamedia
|
| 338 |
|
|
|a online resource
|b cr
|2 rdacarrier
|
| 505 |
0 |
|
|a Cover; Wild Arabs and savages; Contents; List of figures ; Preface ; Acknowledgements ; Chronology ; 1 Introduction; 2 From penitentiary to community; 3 How the system became visible; 4 Rationalities underpinning the system; 5 The technologies employed to govern; 6 The forms of childhood identity employed to govern; 7 Conclusion; Bibliography; Index.
|
| 520 |
|
|
|a The first history of the Irish juvenile justice system.
|
| 588 |
|
|
|a Description based on print version record.
|
| 650 |
|
7 |
|a Juvenile justice, Administration of.
|2 fast
|0 (OCoLC)fst00985472
|
| 650 |
|
0 |
|a Juvenile justice, Administration of
|z Ireland
|x History.
|
| 651 |
|
7 |
|a Ireland.
|2 fast
|0 (OCoLC)fst01205427
|
| 655 |
|
7 |
|a History.
|2 fast
|0 (OCoLC)fst01411628
|
| 655 |
|
7 |
|a Electronic books.
|2 local
|
| 710 |
2 |
|
|a Project Muse.
|e distributor
|
| 830 |
|
0 |
|a Book collections on Project MUSE.
|
| 856 |
4 |
0 |
|z Texto completo
|u https://projectmuse.uam.elogim.com/book/67701/
|
| 945 |
|
|
|a Project MUSE - Custom Collection
|
| 945 |
|
|
|a Project MUSE - Archive Complete Supplement VIII
|
| 945 |
|
|
|a Project MUSE - Archive History Supplement VIII
|